00425 2200181 4500245003200000020002200032250001100054100001900065700001700084700001800101650001700119005001900136260003100155041001400186084001100200300002300211336000900234 aFlagacEva KurniasarihText a978-602-385-768-5 aCet. 1 aEva Kurniasari aTeguh Afandi aYuli Pritania aNovel Remaja a20230331112303 aJakartabNoura Booksc2019 aIndonesia a808.83 a274 hlm. :c20 cm. atext